01147nam a2200193Ia 4500001000900000003001000009008004100019040002500060041001300085100001200098245007500110250001100185260006700196300001300263500026000276501011400536520026000650650004300910L103-596IT-CnALBA170116s9999||||xx |||||||||||||| ||und|| aIT-CnALBAcIT-CnALBA aITALIANO aAA. VV. 0aGRANDE ANTOLOGIA FILOSOFICA VOL. XIX IL PENSIERO MODERNO (SECOLO XIX)  a1a ed. a MILANO - COMObMARZORATI CARLO EDITORE c1971 [1° Ed.: n.d.] a1223 p.  aDIREZIONE SCIACCA M. FEDERICO. COORDINATORE SCHIAVONE M. FILOSOFI E CORRENTI FILOSOFICHE SONO CORREDATI DA INTRODUZIONE E TESTI ESEMPLARI. GLI IDEOLOGI FRANCESI E L'ECCLETISMO. I TRADIZIONALISTI FRANCESI. DE BIRAN MAINE. I REALISTI POSTKANTIANI. SCHOPENHA aSocietà San Paolo EM - Piazza San Paolo, 14 - 12051 ALBA (CN) (non commercial uses only) ® Copyright 2017 aDIREZIONE SCIACCA M. FEDERICO. COORDINATORE SCHIAVONE M. FILOSOFI E CORRENTI FILOSOFICHE SONO CORREDATI DA INTRODUZIONE E TESTI ESEMPLARI. GLI IDEOLOGI FRANCESI E L'ECCLETISMO. I TRADIZIONALISTI FRANCESI. DE BIRAN MAINE. I REALISTI POSTKANTIANI. SCHOPENHA aDIZIONARI ED ENCICLOPEDIE DI FILOSOFIA